| 000 -LEADER |
| fixed length control field |
02649nam a2200277 a 4500 |
| 003 - CONTROL NUMBER IDENTIFIER |
| control field |
AR-BaISA |
| 005 - DATE AND TIME OF LATEST TRANSACTION |
| control field |
20220325113952.0 |
| 007 - PHYSICAL DESCRIPTION FIXED FIELD--GENERAL INFORMATION |
| fixed length control field |
ta |
| 008 - FIXED-LENGTH DATA ELEMENTS--GENERAL INFORMATION |
| fixed length control field |
220325s2019 ag ad||f |||| 00| 0 spa d |
| 020 ## - INTERNATIONAL STANDARD BOOK NUMBER |
| International Standard Book Number |
9789874747600 |
| 040 ## - CATALOGING SOURCE |
| Language of cataloging |
spa |
| Transcribing agency |
AR-BaISA |
| 082 04 - DEWEY DECIMAL CLASSIFICATION NUMBER |
| Edition number |
22 |
| Classification number |
362.404 53 R859 |
| 245 00 - TITLE STATEMENT |
| Title |
Discapacidad psicosocial: |
| Remainder of title |
una experiencia de inclusión en la comunidad / |
| Statement of responsibility, etc. |
Compilado por Mauricio Ruiz, Marta Augé y Ana María Piattoni |
| 260 ## - PUBLICATION, DISTRIBUTION, ETC. |
| Place of publication, distribution, etc. |
Buenos Aires: |
| Name of publisher, distributor, etc. |
Fundación Centro de Psicoterapias Integradas (CPI), |
| Date of publication, distribution, etc. |
2019 |
| 300 ## - PHYSICAL DESCRIPTION |
| Extent |
283 p.: |
| Other physical details |
il., graf. |
| 504 ## - BIBLIOGRAPHY, ETC. NOTE |
| Bibliography, etc. note |
Bibliografía al final de cada capítulo |
| 505 ## - FORMATTED CONTENTS NOTE |
| Title |
Mauricio Ruiz / Discapacidad psicosocial. En la búsqueda de un lugar en el discurso -- |
| -- |
Marta Augé / Personas con discapacidad psicosocial -- |
| -- |
Xoana Rivera / Yo ni loco -- |
| -- |
Gisela P. Sayago / El centro de día y la discapacidad psicosocial: un lazo social posible -- |
| -- |
Ana María Piattoni / El centro de día de la Fundación CPI. Fundamentación, población, objetivos, organización y dinámica de funcionamiento -- |
| -- |
Luciana Belén Marasco y Tatiana Traverso / Proyectos personales: una mirada desde la terapia ocupacional -- |
| -- |
Santiago Paz / Sobre los apoyos en discapacidad psicosocial -- |
| -- |
Florencai Amelotti / Desafíos de la intervención del trabajador social en el centro de día -- |
| -- |
Sergio Borrazás, Ana María Piattoni y Miriam Dinsmann / La función del referente en al Fundación CPI -- |
| -- |
Florencia Vázquez / Grupo de integración: un recorrido hacia la inclusión -- |
| -- |
Adriana Romero / Taller de malabares: una experiencia de aprendizaje con el cuerpo -- |
| -- |
Santiago Boscacci, Ana Paula Escudero y Pablo Glasmann / La música como herramienta para la inclusión social -- |
| -- |
Laura Tarrab / Fotográfos, realizadores y representaciones sociales. La experiencia en dos talleres del centro de día -- |
| -- |
Gabriela Demichelis / La experiencia creativa como acto transformador -- |
| -- |
Aníbal Sotelo / Taller de derechos -- |
| -- |
Luciana Belén Marasco y Aníbal Pablo Sotelo / Experiencias de inclusión social: Peña "El Reviro" -- |
| -- |
Luis Catalán / Taller de cerámica: saber y hacer -- |
| -- |
Santiago Boscacci y Tatiana Traverso / La inclusíón laboral de personas con discapacidad psicosocial en la institución: experiencias y abordajes |
| 650 14 - SUBJECT ADDED ENTRY--TOPICAL TERM |
| 9 (RLIN) |
245 |
| Topical term or geographic name entry element |
Discapacidad |
| Form subdivision |
aspectos psicosociales |
| 650 14 - SUBJECT ADDED ENTRY--TOPICAL TERM |
| 9 (RLIN) |
245 |
| Topical term or geographic name entry element |
Discapacidad |
| Form subdivision |
asistencia social |
| 650 14 - SUBJECT ADDED ENTRY--TOPICAL TERM |
| 9 (RLIN) |
245 |
| Topical term or geographic name entry element |
Discapacidad |
| Form subdivision |
terapia con arte |
| 650 14 - SUBJECT ADDED ENTRY--TOPICAL TERM |
| 9 (RLIN) |
1881 |
| Topical term or geographic name entry element |
Atención a la salud mental |
| 700 1# - ADDED ENTRY--PERSONAL NAME |
| 9 (RLIN) |
1882 |
| Personal name |
Ruiz, Mauricio |
| Relator term |
comp. |
| 700 ## - ADDED ENTRY--PERSONAL NAME |
| 9 (RLIN) |
1883 |
| Personal name |
Augé, Marta |
| Relator term |
comp. |
| 700 ## - ADDED ENTRY--PERSONAL NAME |
| 9 (RLIN) |
1884 |
| Personal name |
Piattoni, Ana María |
| Relator term |
comp. |
| 942 ## - ADDED ENTRY ELEMENTS (KOHA) |
| Source of classification or shelving scheme |
|
| Koha item type |
Libros |
| Edition |
22 |